Statistics for Which country does "New" refer to?

Click here to take the quiz!

General Stats

  • This quiz has been taken 26 times
    (8 since last reset)
  • The average score is 7 of 8

Answer Stats

Country/RegionAnswer% Correct
Papua New GuineaGuinea
100%
New YorkUnited Kingdom
100%
New JerseyUnited Kingdom
100%
Nuevo LeonSpain
88%
New BrunswickGermany
75%
New ZealandNetherlands
75%
Nova ZemlyaRussia
75%
New CaledoniaUnited Kingdom
63%

Score Distribution

Percentile by Number Answered

Percent of People with Each Score

Your Score History

You have not taken this quiz since the last reset